[Event "CRO-chT4 Center-A"]
[Site "Zagreb"]
[Date "2011.05.08"]
[Round "6.42"]
[White "Hadzikasimovic, Zikret"]
[Black "Mrnjec, Antun"]
[Result "0-1"]
[WhiteElo "2065"]
[BlackElo "2061"]
[PlyCount "131"]
[EventDate "2011.03.13"]
[EventType "team-tourn"]
[EventRounds "7"]
[EventCountry "CRO"]
[SourceTitle "EXT 2014"]
[Source "ChessBase"]
[SourceDate "2013.11.20"]
[SourceVersion "1"]
[SourceVersionDate "2013.11.20"]
[SourceQuality "1"]

1. e4 e5 2. Nf3 Nc6 3. Bb5 Nf6 4. Nc3 d6 5. h3 Bd7 6. 0-0 Nd4 7. Nxd4 exd4 8. Bxd7+ Qxd7 9. Ne2 Nxe4 10. d3 Nf6 11. Re1 0-0-0 12. Nxd4 h6 13. a4 d5 14. c3 c5 15. Nb5 a6 16. Na3 Bd6 17. Nc2 Rhe8 18. Qf3 Rxe1+ 19. Nxe1 Qe6 20. Nc2 Re8 21. Kf1 g5 22. g4 Nd7 23. d4 Nf6 24. Be3 Ne4 25. dxc5 Bxc5 26. Rd1 Bxe3 27. Nxe3 Kc7 28. Rxd5 Kb8 29. a5 Qxd5 30. Nxd5 Nd2+ 31. Kg2 Nxf3 32. Kxf3 Re5 33. c4 Kc8 34. b4 Kd7 35. Ne3 f6 36. Ke2 Re4 37. f3 Rf4 38. Nd5 Rd4 39. Ke3 Rd1 40. Nxf6+ Ke6 41. Ne4 Rb1 42. Nc5+ Ke5 43. Nd3+ Kd6 44. Ke4 Rh1 45. Nf2 Rc1 46. Kd4 Rb1 47. Nd3 Rh1 48. Nf2 Rh2 49. Ke3 Ke6 50. Ke2 Ke5 51. b5 Kf4 52. bxa6 bxa6 53. c5 Kg3 54. Kd3 Rxf2 55. c6 Rxf3+ 56. Kd4 Rf2 57. Kc5 Kxh3 58. Kb6 Kxg4 59. Kxa6 h5 60. Kb6 h4 61. a6 h3 62. a7 h2 63. a8Q h1Q 64. Qc8+ Kg3 65. Qb8+ Kg2 66. Qe5 0-1

[Event "Zagreb op"]
[Site "Zagreb"]
[Date "2007.03.18"]
[Round "2"]
[White "Kovacevic, Blazimir"]
[Black "Mrnjec, Antun"]
[Result "1-0"]
[WhiteElo "2448"]
[BlackElo "2144"]
[PlyCount "93"]
[EventDate "2007.03.17"]
[EventType "swiss"]
[EventRounds "9"]
[EventCountry "CRO"]
[SourceTitle "CBM 117 Extra"]
[Source "ChessBase"]
[SourceDate "2007.05.09"]
[SourceVersion "1"]
[SourceVersionDate "2007.05.09"]
[SourceQuality "1"]

1. d4 Nf6 2. c4 e6 3. Nc3 Bb4 4. e3 c5 5. Nge2 0-0 6. a3 Bxc3+ 7. Nxc3 d6 8. Be2 Nc6 9. d5 exd5 10. cxd5 Ne5 11. 0-0 Re8 12. e4 h6 13. f3 Ng6 14. Be3 b6 15. b4 a6 16. Qd2 Qe7 17. Rfe1 Bd7 18. Rab1 cxb4 19. axb4 b5 20. Na2 Rec8 21. Nc1 Ne5 22. Nb3 Nc4 23. Bxc4 bxc4 24. Nd4 Qf8 25. Rec1 Nh7 26. Qe2 Bb5 27. Bf4 Rab8 28. Nf5 Rd8 29. Qf2 Kh8 30. Qd4 f6 31. Ne3 Rb7 32. Nxc4 Bxc4 33. Rxc4 f5 34. e5 dxe5 35. Bxe5 Ng5 36. Rc6 Kh7 37. Rxa6 Nf7 38. d6 Qe8 39. f4 Qe6 40. h3 g5 41. Ra7 Rdd7 42. Rxb7 Rxb7 43. Rc1 gxf4 44. Bxf4 Kg6 45. Rc3 Rb5 46. Rg3+ Ng5 47. d7 1-0